MARC details
| 000 -LEADER |
| fixed length control field |
02148nam a2200517 i 4500 |
| 003 - CONTROL NUMBER IDENTIFIER |
| control field |
EG-ScBUE |
| 005 - DATE AND TIME OF LATEST TRANSACTION |
| control field |
20230625123109.0 |
| 008 - FIXED-LENGTH DATA ELEMENTS--GENERAL INFORMATION |
| fixed length control field |
160421t2016 ctua f b f001 0 eng d |
| 020 ## - INTERNATIONAL STANDARD BOOK NUMBER |
| Cancelled/invalid ISBN |
9780300215632 |
| 040 ## - CATALOGING SOURCE |
| Original cataloging agency |
NhCcYBP |
| Language of cataloging |
eng |
| Description conventions |
rda |
| Transcribing agency |
NhCcYBP |
| Modifying agency |
EG-ScBUE |
| 082 04 - DEWEY DECIMAL CLASSIFICATION NUMBER |
| Edition number |
22 |
| Classification number |
909.0974927082 |
| Item number |
FRA |
| 100 1# - MAIN ENTRY--PERSONAL NAME |
| Personal name |
Fraihat, Ibrahim, |
| Relator term |
author. |
| 9 (RLIN) |
40477 |
| 245 10 - TITLE STATEMENT |
| Title |
Unfinished revolutions : |
| Remainder of title |
Yemen, Libya, and Tunisia after the Arab Spring / |
| Statement of responsibility, etc |
Ibrahim Fraihat. |
| 246 30 - VARYING FORM OF TITLE |
| Title proper/short title |
Yemen, Libya, and Tunisia after the Arab Spring |
| 264 #1 - PUBLICATION, DISTRIBUTION, ETC. (IMPRINT) |
| Place of publication, distribution, etc |
New Haven ; |
| -- |
London : |
| Name of publisher, distributor, etc |
Yale University Press, |
| Date of publication, distribution, etc |
[2016] |
| 264 #1 - PUBLICATION, DISTRIBUTION, ETC. (IMPRINT) |
| Date of publication, distribution, etc |
c2016 |
| 300 ## - PHYSICAL DESCRIPTION |
| Extent |
xvi, 287 pages : |
| Other physical details |
illustrations ; |
| Dimensions |
24 cm |
| 336 ## - CONTENT TYPE |
| Source |
rdacontent |
| Content type term |
text |
| Content type code |
txt |
| 337 ## - MEDIA TYPE |
| Source |
rdamedia |
| Media type term |
unmediated |
| Media type code |
n |
| 338 ## - CARRIER TYPE |
| Source |
rdacarrier |
| Carrier type term |
volume |
| Carrier type code |
nc |
| 504 ## - BIBLIOGRAPHY, ETC. NOTE |
| Bibliography, etc |
Includes bibliographical references and index.<br/> |
| 650 #7 - SUBJECT ADDED ENTRY--TOPICAL TERM |
| Topical term or geographic name as entry element |
Arab Spring, 2010- |
| Source of heading or term |
BUEsh |
| 9 (RLIN) |
38992 |
| 650 #7 - SUBJECT ADDED ENTRY--TOPICAL TERM |
| Topical term or geographic name as entry element |
Revolutions |
| Geographic subdivision |
Arab countries. |
| Source of heading or term |
BUEsh |
| 9 (RLIN) |
40478 |
| 650 #7 - SUBJECT ADDED ENTRY--TOPICAL TERM |
| Topical term or geographic name as entry element |
Revolutions |
| Geographic subdivision |
Yemen (Republic) |
| Source of heading or term |
BUEsh |
| 650 #7 - SUBJECT ADDED ENTRY--TOPICAL TERM |
| Topical term or geographic name as entry element |
Revolutions |
| Geographic subdivision |
Libya. |
| Source of heading or term |
BUEsh |
| 650 #7 - SUBJECT ADDED ENTRY--TOPICAL TERM |
| Topical term or geographic name as entry element |
Revolutions |
| Geographic subdivision |
Tunisia. |
| Source of heading or term |
BUEsh |
| 650 #7 - SUBJECT ADDED ENTRY--TOPICAL TERM |
| Topical term or geographic name as entry element |
Reconciliation |
| General subdivision |
Political aspects |
| Geographic subdivision |
Arab countries. |
| Source of heading or term |
BUEsh |
| 650 #7 - SUBJECT ADDED ENTRY--TOPICAL TERM |
| Topical term or geographic name as entry element |
Reconciliation |
| General subdivision |
Political aspects |
| Geographic subdivision |
Yemen (Republic) |
| Source of heading or term |
BUEsh |
| 650 #7 - SUBJECT ADDED ENTRY--TOPICAL TERM |
| Topical term or geographic name as entry element |
Reconciliation |
| General subdivision |
Political aspects |
| Geographic subdivision |
Libya. |
| Source of heading or term |
BUEsh |
| 650 #7 - SUBJECT ADDED ENTRY--TOPICAL TERM |
| Topical term or geographic name as entry element |
Reconciliation |
| General subdivision |
Political aspects |
| Geographic subdivision |
Tunisia. |
| Source of heading or term |
BUEsh |
| 650 #7 - SUBJECT ADDED ENTRY--TOPICAL TERM |
| Topical term or geographic name as entry element |
Democratization |
| Geographic subdivision |
Yemen (Republic) |
| Source of heading or term |
BUEsh |
| 650 #7 - SUBJECT ADDED ENTRY--TOPICAL TERM |
| Topical term or geographic name as entry element |
Democratization |
| Geographic subdivision |
Libya. |
| Source of heading or term |
BUEsh |
| 650 #7 - SUBJECT ADDED ENTRY--TOPICAL TERM |
| Topical term or geographic name as entry element |
Democratization |
| Geographic subdivision |
Tunisia. |
| Source of heading or term |
BUEsh |
| 650 #7 - SUBJECT ADDED ENTRY--TOPICAL TERM |
| Topical term or geographic name as entry element |
Peace-building |
| Geographic subdivision |
Arab countries. |
| Source of heading or term |
BUEsh |
| 650 #7 - SUBJECT ADDED ENTRY--TOPICAL TERM |
| Topical term or geographic name as entry element |
Peace-building |
| Geographic subdivision |
Yemen (Republic) |
| Source of heading or term |
BUEsh |
| 650 #7 - SUBJECT ADDED ENTRY--TOPICAL TERM |
| Topical term or geographic name as entry element |
Peace-building |
| Geographic subdivision |
Libya. |
| Source of heading or term |
BUEsh |
| 650 #7 - SUBJECT ADDED ENTRY--TOPICAL TERM |
| Topical term or geographic name as entry element |
Peace-building |
| Geographic subdivision |
Tunisia. |
| Source of heading or term |
BUEsh |
| 650 #7 - SUBJECT ADDED ENTRY--TOPICAL TERM |
| 9 (RLIN) |
11822 |
| Topical term or geographic name as entry element |
Democratization |
| Geographic subdivision |
Arab countries |
| Source of heading or term |
BUEsh |
| 651 #7 - SUBJECT ADDED ENTRY--GEOGRAPHIC NAME |
| Geographic name |
Yemen (Republic) |
| General subdivision |
Politics and government |
| Chronological subdivision |
21st century. |
| Source of heading or term |
BUEsh |
| 9 (RLIN) |
32285 |
| 651 #7 - SUBJECT ADDED ENTRY--GEOGRAPHIC NAME |
| Geographic name |
Libya |
| General subdivision |
Politics and government |
| Chronological subdivision |
21st century. |
| Source of heading or term |
BUEsh |
| 9 (RLIN) |
29815 |
| 651 #7 - SUBJECT ADDED ENTRY--GEOGRAPHIC NAME |
| Geographic name |
Tunisia |
| General subdivision |
Politics and government |
| Chronological subdivision |
21st century. |
| Source of heading or term |
BUEsh |
| 653 ## - INDEX TERM--UNCONTROLLED |
| Resource For college |
Law |
| Arrived date list |
July2016 |
| 655 ## - INDEX TERM--GENRE/FORM |
| Form subdivision |
Reading book |
| 942 ## - ADDED ENTRY ELEMENTS (KOHA) |
| Source of classification or shelving scheme |
Dewey Decimal Classification |
| Koha item type |
Book - Borrowing |